Microsoft silverlight 3: (Record no. 36491)

MARC details
000 -LEADER
fixed length control field 00998nam a22002897a 4500
005 - DATE AND TIME OF LATEST TRANSACTION
control field 20100602122412.0
008 - FIXED-LENGTH DATA ELEMENTS--GENERAL INFORMATION
fixed length control field 100602t xxu||||| |||| 00| 0 eng d
010 ## - LCCN (DPL NO)
LC control number ENG-96269
020 ## - INTERNATIONAL STANDARD BOOK NUMBER
International Standard Book Number 9780070683570
Terms of availability 375.00
020 ## - INTERNATIONAL STANDARD BOOK NUMBER
International Standard Book Number 0070683573
Terms of availability 375.00
035 ## - SYSTEM CONTROL NUMBER
System control number EN-79802
037 ## - SOURCE OF ACQUISITION
Source of stock number/acquisition DBAD/PUB
040 ## - CATALOGING SOURCE
Original cataloging agency DPL
Language of cataloging Eng
082 ## - DEWEY DECIMAL CLASSIFICATION NUMBER
Classification number 006.7
100 ## - MAIN ENTRY--PERSONAL NAME
Personal name Horn, Shannon
9 (RLIN) 21837
245 ## - TITLE STATEMENT
Title Microsoft silverlight 3:
Statement of responsibility, etc by Shannon Horn
Remainder of title a beginner's guide /
260 ## - PUBLICATION, DISTRIBUTION, ETC. (IMPRINT)
Place of publication, distribution, etc New Delhi
Name of publisher, distributor, etc Tata McGraw Hill
Date of publication, distribution, etc 2010
270 ## - ADDRESS
Address 7, West Patel nagar
City New Delhi
Postal code 110008
300 ## - PHYSICAL DESCRIPTION
Extent xix, 265p.:
Other physical details ill.
Dimensions 24 cm. (Pbk)
500 ## - GENERAL NOTE
General note includes index
650 ## - SUBJECT ADDED ENTRY--TOPICAL TERM
Topical term or geographic name as entry element Application software development
9 (RLIN) 21838
650 ## - SUBJECT ADDED ENTRY--TOPICAL TERM
Topical term or geographic name as entry element Multimedia system
9 (RLIN) 21839
650 ## - SUBJECT ADDED ENTRY--TOPICAL TERM
Topical term or geographic name as entry element Web site development
9 (RLIN) 21840
700 ## - ADDED ENTRY--PERSONAL NAME
Personal name Eberhardt, Scott
9 (RLIN) 21841
942 ## - ADDED ENTRY ELEMENTS (KOHA)
Source of classification or shelving scheme Dewey Decimal Classification
Item type English Books
Call number suffix HOR
Classification part 006.7
Holdings
Withdrawn status Lost status Source of classification or shelving scheme Damaged status Not for loan Collection code Home library Current library Date acquired Source of acquisition Cost, normal purchase price Total Checkouts Full call number Barcode Date last seen Copy number Cost, replacement price Koha item type
    Dewey Decimal Classification   Not For Loan Non-fiction D.B.Act.Division D.B.Act.Division 10/05/2010 DBAD/PUB 375.00   HOR EN-79802 02/06/2010 1 375.00 English Books

© Delhi Public Library
Hit Counter
free hit counter